• 首页
  • 本馆介绍
  • 公告通知
  • 最新文献
  • 馆藏检索
  • 电子资源
  • 读者导购
  • 参考咨询
  • 我的图书馆
  • 登录
  • 详细信息显示
  • 放入我的书架
  • 预约/预借图书
  • 作者相关作品
  • 分类相关作品
  • 丛书相关作品
  • 出版社相关作品

书目信息

  • 表格格式
  • 工作单格式
  • 卡片格式
题名:
中国可持续发展总纲
    
 
作者: 路甬祥 总主编 ;葛全胜 卷主编
分册: 第7卷   中国气候资源与可持续发展
出版信息: 北京   科学出版社  2007
页数: 409,8页
开本: 31cm
丛书名:
单 册:
中图分类: X22 , P468.2
科图分类:
主题词: 可持续发展--研究--中国 , 气候资源--资源利用--研究--中国
电子资源:
ISBN: 978-7-03-017521-2
000 01595nam0 2200301 450
001 012004126979
005 20070805150540.06
010    @a978-7-03-017521-2@b精装@dCNY95.00
100    @a20070417d2007 em y0chiy0110 ea
101 0  @achi
102    @aCN@b110000
105    @aaf z 000yy
106    @ar
200 1  @a中国可持续发展总纲@Azhong guo ke chi xu fa zhan zong gang@h第7卷@i中国气候资源与可持续发展@Izhong guo qi hou zi yuan yu ke chi xu fa zhan@f路甬祥总主编@Flu yong xiang zong zhu bian@g葛全胜[卷]主编@Gge quan sheng [ juan ] zhu bian
210    @a北京@c科学出版社@d2007
215    @a409,8页@c图@d31cm
300    @a“十一五”国家重点图书出版规划项目
304    @aOverview of China's sustainable development@zeng
330    @a本书讨论了气候资源与可持续发展的关系,对中国的光、热、水、汽、风等各种气候资源的基本特征、时空分布,以及气候资源形成的机制、过程与未来变化情景进行了比较全面的介绍,回顾了人类文明演进中的气候资源变化及人类的响应,并对中国气候资源的利用现状进行了评价。同时,书中对气候变化适应的基本理论问题和中国可持续发展的气候变化适应战略进行了探讨。全书总体上概括了中国气候资源的基本情况、利用现状、未来变化,以及中国可持续发展的气候变化适应战略,是一部较为系统的气候资源与可持续发展关系的新论著。
517 1  @a中国气候资源与可持续发展@AZhong Guo Qi Hou Zi Yuan Yu Ke Chi Xu Fa Zhan
606 0  @a可持续发展@x研究@y中国
606 0  @a气候资源@x资源利用@x研究@y中国
690    @aX22@v4
690    @aP468.2@v4
701  0 @a路甬祥@Alu yong xiang@4总主编
702  0 @a葛全胜@AGe Quan Sheng@4卷主编
801  0 @aCN@b110019@c20070805
905    @dX22@e113:7@f1
    
    中国可持续发展总纲.第7卷.中国气候资源与可持续发展/路甬祥总主编/葛全胜[卷]主编.-北京:科学出版社,2007
    409,8页:图;31cm
    “十一五”国家重点图书出版规划项目
    
    ISBN 978-7-03-017521-2(精装):CNY95.00
    本书讨论了气候资源与可持续发展的关系,对中国的光、热、水、汽、风等各种气候资源的基本特征、时空分布,以及气候资源形成的机制、过程与未来变化情景进行了比较全面的介绍,回顾了人类文明演进中的气候资源变化及人类的响应,并对中国气候资源的利用现状进行了评价。同时,书中对气候变化适应的基本理论问题和中国可持续发展的气候变化适应战略进行了探讨。全书总体上概括了中国气候资源的基本情况、利用现状、未来变化,以及中国可持续发展的气候变化适应战略,是一部较为系统的气候资源与可持续发展关系的新论著。
●
相关链接 在E读中查询图书 在五车中查询图书 在当当中查询图书 在豆瓣中查询图书


正题名:中国可持续发展总纲     索取号:X22/113:7         预约/预借

序号 登录号 条形码 馆藏地/架位号 状态 备注
1 0852948   208529485   第二样本阅览室/ [索取号:X22/113:7] 在馆    
唐山师范学院图书馆 欢迎您!
大连网信软件有限公司© 版权所有